Los abuelos : (Registro nro. 14537)

Detalles MARC
000 -LIDER
fixed length control field 00948nam a2200313 a 4500
001 - NÚMERO DE CONTROL
Identificador de número de control 000003277
003 - IDENTIFICACDOR DE NÚMERO DE CONTROL
control field DO-SdBNP
005 - DATE AND TIME OF LATEST TRANSACTION
control field 20240123083546.0
007 - CAMPOS FIJOS DE DESCRIPCIÓN FÍSICA
fixed length control field 000003277
008 - ELEMENTOS DE LONGITUD FIJA
fixed length control field 090707s2003 sp 000 0 spa d
020 ## - ISBN
International Standard Book Number 849764316X
040 ## - FUENTE DE CATALOGACIÓN
Agencia que crea de manera original el registro BPMSU
Idioma de catalogación spa
Agencia que realiza la transcripción BPMSU
082 #4 - NÚMERO DE CLASIFICACIÓN DECIMAL DE DEWEY
Classification number 306.8745
Item number G643a 2003
Edition number 22
092 ## - LOCALLY ASSIGNED DEWEY DECIMAL CALL NUMBER
Número de clasificación
100 1# - ASIENTO PRINCIPAL -- NOMBRE PERSONAL
Nombre personal González, Ramírez, Mariano
245 14 - MENCIÓN DE TITULO
Título Los abuelos :
Subtítulo su importancia en la familia /
Mención de responsabilidad Mariano González Ramírez ; prólogo Leo Buscalia
260 ## - PUBLICACIÓN, DISTRIBUCIÓN, ETC. (PIE DE IMPRENTA)
Lugar de publicación, distribución, etc Barcelona :
Nombre del editor, distribuidor, etc. Edimar Libros,
Fecha de publicación, distribución, etc 2003
300 ## - DESCRIPCIÓN FÍSICA
Extensión 189 p. ;
Dimensiones 23 cm.
490 0# - MENCIÓN DE SERIES
Mención de serie Guía de padres
500 ## - NOTA GENERAL
Nota general Incluye datos biográficos del autor
590 ## - NOTA LOCAL
Texto de la nota local Inventariado, 2024/VM
650 #4 - ENCABEZAMIENTO DE MATERIA--TEMÁTICO
Término temático o nombre geográfico como elemento de entrada Familia
650 #4 - ENCABEZAMIENTO DE MATERIA--TEMÁTICO
Término temático o nombre geográfico como elemento de entrada Abuelos, nietos
650 #4 - ENCABEZAMIENTO DE MATERIA--TEMÁTICO
Término temático o nombre geográfico como elemento de entrada Educación para la vida familiar
650 #4 - ENCABEZAMIENTO DE MATERIA--TEMÁTICO
Término temático o nombre geográfico como elemento de entrada Educación en el hogar
700 1# - ASIENTO SECUNDARIO -- NOMBRE PERSONAL
Nombre personal Buscalia, Leo
Mención de responsabilidad prólogo
910 ## - VALIDACIÓN
Validación Vmateo V. Control de calidad. BPMSU
942 ## - ADDED ENTRY ELEMENTS (KOHA)
Source of classification or shelving scheme Dewey Decimal Classification
Koha item type Libros
Existencias
Withdrawn status Lost status Source of classification or shelving scheme Damaged status Not for loan Collection code Home library Current library Date acquired Total Checkouts Full call number Barcode Date last seen Price effective from Koha item type
    Dewey Decimal Classification     Colección General Biblioteca Pública Metropolitana Salomé Ureña Biblioteca Pública Metropolitana Salomé Ureña 01/23/2024   BPMSU CG 306.8745 G643a 2003 BPMSU24010036 01/23/2024 01/23/2024 Libros